000 00278nam a2200121Ia 4500
008 221030s9999 xx 000 0 und d
041 _aEnglish
100 _aA.S Godbole
245 0 _aData Communications & Networks
_cby A.S Godbole
260 _c0
650 _aB
942 _cBK
999 _c13953
_d13953